000 00571nam a2200205Ia 4500
005 20250923144906.0
008 008 250917s9999 xx 000 0 eng d
037 _aTextual
040 _aDSWL
_beng
_cDSWL
041 _aeng
_2eng
084 _a9073, J4
_qDSWL
100 _aCohen, Morris R.
_9829496
245 0 _aAmerican thought A critical sketch
_cby Morris R. Cohen
260 _aGlencoe
_bThe Free Press, Glencoe
_c1954
300 _a360p.
365 _aUSD
_b5
925 _g5
942 _cTEXL
_h9073, J4
999 _c1444645
_d1444645